000 00982nam a2200337Ia 4500
003 OSt
005 20220912150224.0
006 a|||||r|||| 00| 0
007 ta
008 220909b |||||||| |||| 00| 0 eng d
020 _a0074637363 (pbk)
024 _a15732
037 _bATB/361, 18/03/2005, Ashutosh Technical Books
037 _cTextbook
040 _aCSL
_beng
_cCSL
041 _aeng
082 _aD651, M7;2 TD
100 _aMillman Jacob
245 0 _aMicroelectronics
250 _a2
260 _aNew York McGraw-Hill Companies,Inc.
_c1987
300 _axx,1001p.
_ccm.
500 _aAppendix A-E, 818-986p.
_ccm.; Index 987-1001p.
_ccm.
650 _a Computer science
650 _a Engineering
650 _a Micro electronics
650 _aElectronics
700 _a Grabel Arvin
942 _hD651, M7;2 TD
_cTB
_2CC
999 _c42351
_d42351